| 000 | 00568nam a22001933 4500 | ||
|---|---|---|---|
| 001 | r9m37x91pddpbr17 | ||
| 003 | LIBRIS | ||
| 005 | 20250331084314.0 | ||
| 008 | 240917s2024 xx |||||||||||000 0|eng|d | ||
| 020 | _a0335251145 | ||
| 020 | _a9780335251148 | ||
| 035 | _a(OCoLC)on1445424979 | ||
| 040 |
_aSoph _beng _cYDX _dOCLCO |
||
| 041 | _aeng | ||
| 100 | 1 | _aBETTANY-SALTIKOV, JOSETTE. MCSHERRY | |
| 245 | 1 | 0 |
_aHOW TO DO A SYSTEMATIC LITERATURE REVIEW IN NURSING: _ba step-by-step guide. |
| 264 | 1 |
_a[S.l.] : _bOPEN UNIV PRESS, _c2024 |
|
| 942 |
_2z _cBOOK _e 3rd edition |
||
| 999 |
_c59709 _d59709 |
||